| 000 | 00568nam a22001697a 4500 | ||
|---|---|---|---|
| 003 | AUA.1 | ||
| 005 | 20260208113448.0 | ||
| 008 | 260208b |||||||| |||| 00| 0 eng d | ||
| 040 | _cJTL | ||
| 100 | _aMarange, Talent Melody | ||
| 245 |
_aThe effect of body pump transformation program on weight loss among adult women in Harare Zimbabwe / _cTalent Melody Marange. |
||
| 260 | _cc2025. | ||
| 300 |
_aix, 127 leaves : _billustrations; _c30 cm. |
||
| 650 |
_aWeight loss _926441 |
||
| 650 |
_aWomen _xHarare, Zimbabwe |
||
| 942 |
_2aua _cTHESIS _hMPH _i.M37 2025 |
||
| 999 |
_c25308 _d25308 |
||